000 01530nam a2200193Ia 4500
003 Ost
005 20260507075128.0
008 260507s9999||||xx |||||||||||||| ||und||
040 _cfsecg
041 _aara
082 _a1.6
100 _aسلطان ،ابراهيم،
_eمؤلف
245 0 _aنظم المعلومات الإدارية :
_bمدخل النظم /
_cابراهيم سلطان
260 _aالاسكندرية:
_bالدار الجامعية,
_c2005
300 _a427 صفحة؛
_bإيضاحات ؛
_c24 سم
520 _aمقدمة في نظم المعلومات،مفاهيم وأساسيات النظم،مفاهيم وأساسيات المعلومات،القرارات الإدارية والمعلومات،نظم المعلومات والمنظمات،الدور الاستراتيجي للمعلومات،أساسيات الحاسب الآلى،تنظيم الملفات وقواعد البيانات،الإتصالات وشبكات الحاسب،نظم تجهيز المكاتب آليا،نظم معالجة البيانات،نظم المعلومات الإدارية،أدوات ووسائل تحليل وبناء النظم،طرق بناء وتطوير نظم المعلومات،نظم تدعيم القرارات،نظم المعلومات الإدارة العليا،النظم الخبيرة،أمن ورقابة نظم المعلومات،عوامل نجاح وفشل نظم المعلومات
653 _aنظم المعلومات- المؤسسة الممتدة
942 _cكتاب
999 _c43175
_d43175